LEADER 01480nas a2200229 i 4500
001 000000002055
003 CaOOAMICUS
005 20210823150117.0
008 180830d19241965fr br u0 0fre r
040 $aSeMil$bita
245 00$aBulletin Thomiste :$bOrgane de la Société Thomiste.
260 $aLe Saulchoir :$b[s.n.],$c1924-1965.
362 0 $a1924-1965
510 4 $aCod. rivista ACNP:$cP 00052017
710 2 $aSociété Thomiste.$0(OLS)http://semarc/name/1812
772 0 $tRevue Thomiste : revue doctrinale de théologie et de philosophie.$dParis : [s.n.], 1893-$x0035-4295$w()2794
785 00$tRassegna di Letteratura Tomistica.$dNapoli : Edizioni domenicane italiane, 1969-1996.$w()2689
850 $aSeMil
852 $aSeMil$W1$xVenegono$y1$pCliccare per visualizzare collocazione e posseduto cumulativo
Cliccare per visualizzare eventuali spogli (alla eventuale voce ?Indici? in fondo di pagina)$B238457$CSeMilBibl$Z2$F238457 $85
996 $6245$aBulletin Thomiste :$bOrgane de la Société Thomiste$9(OLS)http://semarc/title/3396
996 $6260$aLe Saulchoir :$b[s.n.]$9(OLS)http://semarc/publisher/30525
LEADER 01063nam a2200265 i 4500
001 000000199751
003 CaOOAMICUS
005 20140408000000.0
008 140408s1958 it u000 u ita u
013 $a178443
040 $aSeMil$bita
100 1 $aVigolungo, Agostino.$0(OLS)http://semarc/name/23236
245 10$aOrientamenti :$bper insegnanti ed educatori /$cAgostino Vigolungo.
260 $aFossano (CN) :$bEdizioni Esperienze,$cstampa 1958.
300 $a298 p. ;$c17 cm.
490 0 $aTraiettorie ;$v11
500 $aFondo card. Giovanni Colombo.
650 4$aEducazione - Concezione cristiana.$0(OLS)http://semarc/subject/9647
830 0$aTraiettorie ;$v11.$0(OLS)http://semarc/title/7733
850 $aSeMil
852 $aSeMil$W1$xVenegono$y1$m3GC I 38$j150286$B150286$CSeMilBibl$Z2$F161639 $8B
941 1 $a3
961 $aLascito: Colombo Card. Giovanni
996 $6245$aOrientamenti :$bper insegnanti ed educatori$9(OLS)http://semarc/title/288752
996 $6260$aFossano (CN) :$bEdizioni Esperienze$9(OLS)http://semarc/publisher/31484